Регионална библиотека "Любен Каравелов" - Русе

Монаха, който приживе копае гроба си (Запис номер 355182)

MARC детайли
000 -Лидер
Контролно поле с фиксирана дължина nam a22 a 4500
003 - Код на организацията, давaща контролен номер
Контролно поле BLK
005 - Дата и час на последна редакция
Контролно поле 20220223100717.0
008 - Елементи от данни с фиксирана дължина
fixed length control field 200416b bu ||||| |||| 00| 0 bu d
040 ## - Източник на каталожния запис
Идентификатор на билиотеката - собственик на записа BLK
041 ## - Код за език
Код за езика на текст/звукозапис или на отделно заглавие Български
Код за езика КДБФ Български
080 ## - УДК
Текстов определител УДК Френска литература
УДК код - определител по УДК 821.133.1
УДК определител -32
УДК - код + определител 821.133.1-32
100 ## - Редна дума - Автор
R(LIN) 241690
Автор Дюма, Александър
Авторска отговорност първи автор
139 ## - Редно поле
Редна дума Дюма, Александър
Авторски знак Дюм - Д 98
245 ## - Сведения за заглавието
Заглавие Монаха, който приживе копае гроба си
Подзаглавни данни Любопитен разказ
Редно поле (дума) Александър Дюма-баща ; Прев. от фр
260 ## - Област на издателските данни
9 (RLIN) 405199
Място на издаване, разпространение и проч. Русчук
Име на издателя, разпространителя и проч. С. Стоянов
Година на издаване 1881
Печатница скоропеч. на в. Славянин
300 ## - Физическа характеристика
Страници 46 с.
Размери/Мащаб 18 см
380 ## - Жанр
Жанр Худож. лит.
700 ## - Други автори (авторска отговорност)
9 (RLIN) 1177
Автороска отговорност (Описва отношението между автора и произведението) прев. от фр.
852 ## - Местоположение
Форматна сигнатура К 821/Д 98
999 ## - СИСТЕМНИ КОНТРОЛНИ НОМЕРА
Koha biblionumber 355182
Koha biblioitemnumber 355182
942 ## - АРТИКУЛИ
Вид на библиотечния материал Книги
Скрит в OPAC Не
Периодичен библиозапис Да
944 ## - СЪЗДАВАНЕ И РЕДАКЦИЯ на ЗАПИСА
Дата на регистрацията/редакция 2020-04-16
Служител, извършил регистрацията/редакцията Валя Йорданова
999 ## - СИСТЕМНИ КОНТРОЛНИ НОМЕРА
Koha biblioitemnumber 355182
Наличности
Код за отписване Код за изгубен артикул Източник на класификационната схема Код за повреда Коз за рестрикции Код за отдаване Артикулен № Име на библиотеката - собственик Име на библиотеката, в която се намира в момента Статус (Текущо местоположение) Дата на вписване в системата Местоположение - отдел Цена в лева Инвентарен номер Систематично азбучна сигнатура Баркод Цена в евро Служебен тип на артикула
  Не е изгубен Universal Decimal Classification Не е повреден само за читалня ползва се в читалня 762433 Регионална библиотека "Любен Каравелов" Русе Регионална библиотека "Любен Каравелов" Русе Краезнание 2020-04-17 Краезнание 1.00 378654 К 821/Д 98 120000378654 0.51 Книги
Vip Innovations Ltd, Rousse, Bulgaria 2025